[Event "DLM 2007"]
[Site "Verden/Aller GER"]
[Date "2007.09.29"]
[Round "2"]
[White "Strunski, Andreas"]
[Black "Dann, Matthias"]
[Result "1-0"]
[Termination "normal"]
[Board "1.2"]
[WhiteElo "2203"]
[BlackElo "2109"]
[WhiteTeam "Württemberg"]
[BlackTeam "Rheinland-Pfalz"]
[PlyCount "115"]
[WhiteFideId "24606073"]
[BlackFideId "24638056"]
[EventCountry "GER"]
[EventRounds "7"]
[EventType "team-swiss"]
[EventDate "2007.09.28"]

1. d4 Nf6 2. c4 e6 3. Nc3 Bb4 4. Qc2 c5 5. dxc5 O-O 6. Nf3 Nc6 7. Bg5 Bxc5 8.
Rd1 b6 9. a3 Be7 10. e4 h6 11. Bf4 Nh5 12. Be3 Bc5 13. Qd2 Bxe3 14. Qxe3 e5 15.
Be2 Nf4 16. O-O Ne6 17. Kh1 Rb8 18. b4 Ned4 19. Nxe5 Nxe5 20. Qxd4 Ng6 21. f4
Re8 22. Nb5 Qf6 23. Qxf6 gxf6 24. Nd6 Rd8 25. Rd3 Bb7 26. Rh3 Kg7 27. Bh5 Rg8
28. Rd3 Kf8 29. g3 Bc6 30. Rfd1 f5 31. Bf3 fxe4 32. Bxe4 Ne7 33. b5 Ba8 34. Kg2
Rg6 35. Kf3 Re6 36. g4 h5 37. gxh5 Rxe4 38. Nxe4 f5 39. Rxd7 Bxe4+ 40. Ke3 Re8
41. Rd8 Ng8 42. Rxe8+ Kxe8 43. Rd6 Ke7 44. h6 Nf6 45. c5 bxc5 46. Ra6 Kf7 47.
Rxa7+ Kg8 48. h7+ Kh8 49. Kd2 Nd5 50. Rd7 c4 51. Rxd5 Bxd5 52. a4 Kxh7 53. a5
Bb7 54. a6 Bc8 55. Kc3 Kh6 56. Kxc4 Kh5 57. Kd5 Kg4 58. Ke5 1-0

[Event "DLM 2007"]
[Site "Verden/Aller GER"]
[Date "2007.09.29"]
[Round "2"]
[White "Gölz, Daniel"]
[Black "Hirneise, Jens"]
[Result "1-0"]
[Termination "normal"]
[Board "1.3"]
[WhiteElo "1974"]
[BlackElo "2090"]
[WhiteTeam "Rheinland-Pfalz"]
[BlackTeam "Württemberg"]
[PlyCount "103"]
[WhiteFideId "24626325"]
[BlackFideId "24614734"]
[EventCountry "GER"]
[EventRounds "7"]
[EventType "team-swiss"]
[EventDate "2007.09.28"]

1. e4 c5 2. Nc3 Nc6 3. g3 g6 4. d3 Bg7 5. Bg2 d6 6. Be3 Rb8 7. Qd2 b5 8. Nge2
b4 9. Nd1 Nd4 10. O-O e6 11. Nc1 Ne7 12. c3 bxc3 13. bxc3 Ndc6 14. Bh6 O-O 15.
Bxg7 Kxg7 16. Ne3 e5 17. f4 f6 18. h4 Kh8 19. f5 gxf5 20. exf5 d5 21. Ne2 d4
22. Nc4 dxc3 23. Nxc3 Ba6 24. Rad1 Qd4+ 25. Ne3 Rfd8 26. Be4 c4 27. Rf2 cxd3
28. Ng4 Rd6 29. Nh6 Bc4 30. Bg2 Nd8 31. Ne4 Ra6 32. Qc3 Qxc3 33. Nxc3 Ra3 34.
Ne4 Rb6 35. g4 Nd5 36. g5 Nc3 37. Nxc3 Rxc3 38. Ng4 fxg5 39. Nxe5 gxh4 40. Nxc4
Rxc4 41. Rxd3 Nf7 42. Rd7 Rf6 43. Rxa7 Rc5 44. Bh3 Ng5 45. Kh2 Rc3 46. Bg4 Rg3
47. Rg2 Re3 48. Rc2 Kg8 49. Rcc7 Rf7 50. f6 Nf3+ 51. Bxf3 Rxf3 52. Rc8+ 1-0

[Event "DLM 2007"]
[Site "Verden/Aller GER"]
[Date "2007.09.29"]
[Round "2"]
[White "Zikeli, Saskia"]
[Black "Endress, Anna"]
[Result "1/2-1/2"]
[Termination "normal"]
[Board "1.4"]
[WhiteElo "2091"]
[BlackElo "1967"]
[WhiteTeam "Württemberg"]
[BlackTeam "Rheinland-Pfalz"]
[PlyCount "119"]
[WhiteFideId "24601543"]
[BlackFideId "24629472"]
[EventCountry "GER"]
[EventRounds "7"]
[EventType "team-swiss"]
[EventDate "2007.09.28"]

1. e4 c5 2. Nf3 d6 3. d4 cxd4 4. Nxd4 Nf6 5. Nc3 e6 6. Be2 Be7 7. O-O O-O 8.
Kh1 a6 9. f4 Qc7 10. Qe1 Nc6 11. Be3 Rb8 12. Qg3 Rd8 13. Bf3 Nd7 14. Rad1 Bf6
15. Bg4 Nc5 16. a3 b5 17. Nxc6 Qxc6 18. e5 Be7 19. f5 exf5 20. Bxf5 Bxf5 21.
Rxf5 dxe5 22. Qxe5 Rxd1+ 23. Nxd1 Re8 24. Qd5 Qg6 25. Re5 Ne6 26. Qe4 Rd8 27.
Nf2 Bf6 28. Qxg6 hxg6 29. Re4 Bxb2 30. a4 Nd4 31. Nd3 Bc3 32. Bxd4 Bxd4 33.
axb5 axb5 34. g3 Bc3 35. Kg2 Ra8 36. Kf3 f5 37. Re2 Ra4 38. Nf4 Kf7 39. Nd5 Bf6
40. Kf2 Rd4 41. Nxf6 Kxf6 42. h4 g5 43. hxg5+ Kxg5 44. c3 Rc4 45. Rb2 Rxc3 46.
Rxb5 Rc4 47. Kf3 g6 48. Ra5 Rc3+ 49. Kf2 Kh5 50. Rb5 Rc6 51. Kf3 Kg5 52. Ra5
Kf6 53. Rb5 g5 54. Ra5 Rc3+ 55. Kf2 f4 56. gxf4 gxf4 57. Rb5 Re3 58. Ra5 Re5
59. Rxe5 Kxe5 60. Kf3 1/2-1/2

[Event "DLM 2007"]
[Site "Verden/Aller GER"]
[Date "2007.09.29"]
[Round "2"]
[White "Grünter, Martin"]
[Black "Braun, Georg"]
[Result "1-0"]
[Termination "normal"]
[Board "1.5"]
[WhiteElo "1952"]
[BlackElo "1887"]
[WhiteTeam "Rheinland-Pfalz"]
[BlackTeam "Württemberg"]
[PlyCount "79"]
[WhiteFideId "24640352"]
[BlackFideId "24629383"]
[EventCountry "GER"]
[EventRounds "7"]
[EventType "team-swiss"]
[EventDate "2007.09.28"]

1. e4 c5 2. c3 b6 3. d4 Bb7 4. Bd3 Nf6 5. Qe2 cxd4 6. cxd4 Nc6 7. Nf3 Nb4 8.
Nc3 Nxd3+ 9. Qxd3 e6 10. Bg5 h6 11. Bh4 g5 12. Bg3 Bb4 13. Nd2 Nh5 14. Rc1 Nxg3
15. Qxg3 Qb8 16. e5 Bc6 17. a3 Be7 18. b4 Qb7 19. Nc4 Bxg2 20. Rg1 Bd5 21. Nd6+
Bxd6 22. exd6 f6 23. Nb5 Rc8 24. Rc7 Qa6 25. Qh3 h5 26. Qd3 Rh6 27. f4 Bc6 28.
Rxc8+ Qxc8 29. Nc7+ Kf7 30. fxg5 fxg5 31. d5 Bxd5 32. Rxg5 Qd8 33. Qg3 Qf6 34.
Nxd5 Qa1+ 35. Kf2 exd5 36. Qd3 Rf6+ 37. Kg2 Qb2+ 38. Kh3 Qc1 39. Qh7+ Ke6 40.
Qe7# 1-0

[Event "DLM 2007"]
[Site "Verden/Aller GER"]
[Date "2007.09.29"]
[Round "2"]
[White "Mijatovic, Andrea"]
[Black "Babayev, Ramil"]
[Result "1-0"]
[Termination "normal"]
[Board "1.6"]
[WhiteElo "1844"]
[BlackElo "1875"]
[WhiteTeam "Württemberg"]
[BlackTeam "Rheinland-Pfalz"]
[PlyCount "65"]
[WhiteFideId "14514524"]
[BlackFideId "24664243"]
[EventCountry "GER"]
[EventRounds "7"]
[EventType "team-swiss"]
[EventDate "2007.09.28"]

1. e4 c5 2. Nf3 e6 3. d4 cxd4 4. Nxd4 a6 5. Nc3 Qc7 6. Bd3 Nc6 7. Nb3 Nf6 8.
O-O Be7 9. Qe2 d6 10. f4 O-O 11. Bd2 b5 12. Rae1 Nd7 13. Kh1 Bb7 14. a3 Bf6 15.
Rf3 g6 16. Rh3 Qd8 17. Qf2 Re8 18. g4 Bg7 19. g5 Ne7 20. Qh4 Nf8 21. Kg1 Qd7
22. Nd1 Rac8 23. Nf2 Kh8 24. Ng4 Qc6 25. Re2 Ba8 26. Bc3 Bxc3 27. bxc3 Ng8 28.
Nf6 Nxf6 29. gxf6 h5 30. Qg5 Nh7 31. Rxh5 Qb6+ 32. Kf1 Rc5 33. Qh6 1-0

[Event "DLM 2007"]
[Site "Verden/Aller GER"]
[Date "2007.09.29"]
[Round "2"]
[White "Voss, Janine"]
[Black "Marquardt, Patrick"]
[Result "1/2-1/2"]
[Termination "normal"]
[Board "1.7"]
[WhiteElo "1740"]
[BlackElo "1768"]
[WhiteTeam "Rheinland-Pfalz"]
[BlackTeam "Württemberg"]
[PlyCount "64"]
[WhiteFideId "24677329"]
[BlackFideId "4670086"]
[EventCountry "GER"]
[EventRounds "7"]
[EventType "team-swiss"]
[EventDate "2007.09.28"]

1. e4 c5 2. Nf3 a6 3. d4 cxd4 4. Nxd4 Nf6 5. Nc3 e5 6. Nb3 Bb4 7. f3 d5 8. Bg5
Qc7 9. Bxf6 Bxc3+ 10. bxc3 Qxc3+ 11. Qd2 Qxd2+ 12. Nxd2 gxf6 13. exd5 Bf5 14.
Ne4 Bxe4 15. fxe4 Nd7 16. Be2 Rc8 17. Rc1 Nc5 18. O-O Nxe4 19. Bd3 Nc3 20. Rxf6
Nxd5 21. Rf5 f6 22. Be4 Nc3 23. Bxb7 Rc7 24. Bxa6 Ke7 25. Bd3 Rd8 26. Rcf1 e4
27. Rxf6 exd3 28. Rf7+ Kd6 29. R1f6+ Ke5 30. Rf5+ Ke4 31. cxd3+ Rxd3 32. Rf4+
Ke5 1/2-1/2

[Event "DLM 2007"]
[Site "Verden/Aller GER"]
[Date "2007.09.29"]
[Round "2"]
[White "Schäfer, Daniela"]
[Black "Eimer, Christina"]
[Result "1-0"]
[Termination "normal"]
[Board "1.8"]
[WhiteElo "1569"]
[BlackElo "1077"]
[WhiteTeam "Württemberg"]
[BlackTeam "Rheinland-Pfalz"]
[PlyCount "93"]
[WhiteFideId "4624769"]
[BlackFideId "24655767"]
[EventCountry "GER"]
[EventRounds "7"]
[EventType "team-swiss"]
[EventDate "2007.09.28"]

1. e4 e6 2. b3 d5 3. Bb2 dxe4 4. Nc3 Nf6 5. Qe2 Nc6 6. Nxe4 Nxe4 7. Qxe4 f6 8.
O-O-O Bc5 9. f4 O-O 10. Bd3 f5 11. Qc4 b6 12. Kb1 a5 13. Nf3 Qe8 14. Qc3 Rf7
15. Bc4 Be7 16. Qe3 Bf6 17. d4 Re7 18. h3 Ba6 19. Bxa6 Rxa6 20. g4 g6 21. Rhg1
Ra8 22. Ne5 Nxe5 23. fxe5 Bg7 24. gxf5 exf5 25. Qf3 Rd8 26. Rge1 c5 27. dxc5
Rxd1+ 28. Qxd1 bxc5 29. Qd5+ Kf8 30. Qxc5 Qd8 31. Ba3 h5 32. Qxe7+ Qxe7 33.
Bxe7+ Kxe7 34. c4 Ke6 35. c5 Kd5 36. e6 Bf6 37. e7 Bxe7 38. Rxe7 Kxc5 39. Rg7
f4 40. Rxg6 Kd4 41. Rg5 f3 42. Rxh5 Ke3 43. Rxa5 f2 44. Rf5 Ke2 45. h4 f1=Q+
46. Rxf1 Kxf1 47. h5 1-0

[Event "DLM 2007"]
[Site "Verden/Aller GER"]
[Date "2007.09.29"]
[Round "2"]
[White "Hoffmann, Udo"]
[Black "Kaczmarczyk, Dennis"]
[Result "0-1"]
[Termination "normal"]
[Board "2.1"]
[WhiteElo "2218"]
[BlackElo "2135"]
[WhiteTeam "Nordrhein-Westfalen"]
[BlackTeam "Baden"]
[PlyCount "128"]
[WhiteFideId "24605735"]
[BlackFideId "24608297"]
[EventCountry "GER"]
[EventRounds "7"]
[EventType "team-swiss"]
[EventDate "2007.09.28"]

1. e4 c5 2. b3 e6 3. Nf3 Nc6 4. Bb5 Nge7 5. Bb2 a6 6. Be2 d5 7. exd5 exd5 8. d4
Ng6 9. O-O Be6 10. Re1 Be7 11. Qd2 Qb6 12. dxc5 Bxc5 13. Bd3 O-O 14. Nc3 Qa5
15. a3 Bd6 16. b4 Qd8 17. Bxg6 hxg6 18. Rad1 Re8 19. Nxd5 Bxd5 20. Qxd5 Rxe1+
21. Nxe1 Qe8 22. Qf3 Be5 23. Bxe5 Qxe5 24. Nd3 Qc3 25. Nc5 Qxf3 26. gxf3 b6 27.
Nd7 b5 28. Rd6 Ne7 29. Nc5 a5 30. Rb6 axb4 31. axb4 Nd5 32. Rxb5 Ra1+ 33. Kg2
Nf4+ 34. Kg3 Ne2+ 35. Kh3 Rg1 36. Nd3 Nd4 37. Rb8+ Kh7 38. f4 g5 39. fxg5 Nf3
40. Rb5 Nxg5+ 41. Rxg5 Rxg5 42. c4 Rg1 43. b5 Rd1 44. Ne5 f6 45. Nc6 Rb1 46.
Kg2 Kg6 47. Na7 Rc1 48. Kf3 Rxc4 49. Ke3 Kf7 50. Nc6 Rc5 51. Nd4 Ke8 52. f4 Kd7
53. Ke4 g6 54. b6 Kc8 55. h4 Rh5 56. Nf3 Kb7 57. Ng5 Rxh4 58. Ne6 Kxb6 59. Nf8
g5 60. Ng6 Rh6 61. Nf8 gxf4 62. Kxf4 Kc6 63. Kf5 Kd6 64. Ng6 Rxg6 0-1

[Event "DLM 2007"]
[Site "Verden/Aller GER"]
[Date "2007.09.29"]
[Round "2"]
[White "Hirschberg, Valerian"]
[Black "Rehberg, Raphael"]
[Result "1/2-1/2"]
[Termination "normal"]
[Board "2.2"]
[WhiteElo "2026"]
[BlackElo "2237"]
[WhiteTeam "Baden"]
[BlackTeam "Nordrhein-Westfalen"]
[PlyCount "55"]
[WhiteFideId "24628492"]
[BlackFideId "4686799"]
[EventCountry "GER"]
[EventRounds "7"]
[EventType "team-swiss"]
[EventDate "2007.09.28"]

1. Nf3 d5 2. c4 c6 3. g3 Bg4 4. Bg2 e6 5. cxd5 cxd5 6. Nc3 Nc6 7. d4 Nf6 8. O-O
Bd6 9. Bf4 Bxf4 10. gxf4 Bxf3 11. Bxf3 Qb6 12. e3 Qxb2 13. Qd3 Qb6 14. Rfb1 Qc7
15. Qb5 Rb8 16. Qc5 b6 17. Qa3 Qe7 18. Qa4 Rc8 19. Be2 O-O 20. Rc1 Nb8 21. Ba6
Nxa6 22. Qxa6 Qb4 23. Nb5 Rxc1+ 24. Rxc1 Ne4 25. Nxa7 Nxf2 26. Nc6 Nh3+ 27. Kh1
Nf2+ 28. Kg1 1/2-1/2

[Event "DLM 2007"]
[Site "Verden/Aller GER"]
[Date "2007.09.29"]
[Round "2"]
[White "Tkachuk, Konstantyn"]
[Black "Petermann, Michail"]
[Result "1-0"]
[Termination "normal"]
[Board "2.3"]
[WhiteElo "2141"]
[BlackElo "2006"]
[WhiteTeam "Nordrhein-Westfalen"]
[BlackTeam "Baden"]
[PlyCount "77"]
[WhiteFideId "24647330"]
[BlackFideId "24643530"]
[EventCountry "GER"]
[EventRounds "7"]
[EventType "team-swiss"]
[EventDate "2007.09.28"]

1. e4 c5 2. Nf3 a6 3. d4 cxd4 4. Nxd4 Nf6 5. Nc3 e5 6. Nf3 d6 7. Bc4 Be7 8. Bg5
b5 9. Bxf6 Bxf6 10. Bxf7+ Kxf7 11. Qd5+ Be6 12. Qxa8 Qd7 13. Nd5 Rd8 14. O-O h5
15. c4 h4 16. cxb5 axb5 17. Rac1 Rc8 18. Nb6 Rxc1 19. Rxc1 Qd8 20. Qb7+ Kg6 21.
h3 Nd7 22. Nxd7 Qxd7 23. Rc7 Qe8 24. Nxh4+ Kg5 25. Nf5 Bxf5 26. exf5 Kxf5 27.
Qd5 Qd8 28. Rc6 Qa5 29. Rxd6 Qe1+ 30. Kh2 Qxf2 31. Qf3+ Qxf3 32. gxf3 Kf4 33.
Kg2 e4 34. fxe4 Bxb2 35. Rb6 Kxe4 36. Rxb5 Bd4 37. a4 Kd3 38. a5 Kc4 39. Rg5
1-0

[Event "DLM 2007"]
[Site "Verden/Aller GER"]
[Date "2007.09.29"]
[Round "2"]
[White "Sarchisov, Slavik"]
[Black "Kotainy, Jens"]
[Result "1-0"]
[Termination "normal"]
[Board "2.4"]
[WhiteElo "1842"]
[BlackElo "2032"]
[WhiteTeam "Baden"]
[BlackTeam "Nordrhein-Westfalen"]
[PlyCount "75"]
[WhiteFideId "24647888"]
[BlackFideId "24670499"]
[EventCountry "GER"]
[EventRounds "7"]
[EventType "team-swiss"]
[EventDate "2007.09.28"]

1. e4 Nf6 2. e5 Nd5 3. d4 d6 4. Nf3 Bg4 5. Be2 e6 6. exd6 cxd6 7. O-O Be7 8. c4
Nb6 9. Nc3 O-O 10. Be3 N8d7 11. Qb3 Rc8 12. Nd2 Bxe2 13. Nxe2 Nf6 14. f3 Qd7
15. a4 Qc6 16. Rfc1 d5 17. c5 Nbd7 18. Qc3 Qa6 19. b4 b5 20. Qd3 Nb8 21. axb5
Qb7 22. Ra4 Qd7 23. Rca1 Rfd8 24. Rxa7 Qe8 25. c6 Bd6 26. Bf4 Bxf4 27. Nxf4 Rd6
28. Qe3 Qd8 29. Nb3 Ne8 30. Nc5 Qb6 31. Rb7 Qd8 32. Raa7 Nc7 33. b6 Rxc6 34.
bxc7 R6xc7 35. Nfxe6 fxe6 36. Qxe6+ Kf8 37. Qe5 Rxb7 38. Rxb7 1-0

[Event "DLM 2007"]
[Site "Verden/Aller GER"]
[Date "2007.09.29"]
[Round "2"]
[White "Blübaum, Johanna"]
[Black "Frey, Alisa"]
[Result "1-0"]
[Termination "normal"]
[Board "2.5"]
[WhiteElo "1946"]
[BlackElo "1920"]
[WhiteTeam "Nordrhein-Westfalen"]
[BlackTeam "Baden"]
[PlyCount "85"]
[WhiteFideId "24647373"]
[BlackFideId "24634662"]
[EventCountry "GER"]
[EventRounds "7"]
[EventType "team-swiss"]
[EventDate "2007.09.28"]

1. d4 Nf6 2. c4 e6 3. Nc3 Bb4 4. f3 d5 5. a3 Be7 6. e4 dxe4 7. fxe4 e5 8. d5
Bc5 9. Nf3 O-O 10. b4 Be7 11. Be2 a5 12. Rb1 axb4 13. axb4 Na6 14. c5 Re8 15.
Be3 Ng4 16. Bg1 f5 17. Nd2 Nf6 18. Bf2 b6 19. O-O bxc5 20. Bc4 Kh8 21. Bxa6
Bxa6 22. b5 Bc8 23. Nc4 Bf8 24. Bh4 fxe4 25. Nxe4 Qxd5 26. Nxf6 Qxd1 27. Rbxd1
gxf6 28. Bxf6+ Bg7 29. Bxg7+ Kxg7 30. Rd5 e4 31. Rxc5 Re7 32. Ne3 Ra7 33. b6
Rb7 34. Nd5 Rd7 35. Nxc7 Rxb6 36. Ne8+ Kh6 37. Rxc8 e3 38. Nf6 Rd4 39. Re8 Kg6
40. Ng8 Kg7 41. Ne7 e2 42. Nf5+ Kf7 43. Rxe2 1-0

[Event "DLM 2007"]
[Site "Verden/Aller GER"]
[Date "2007.09.29"]
[Round "2"]
[White "Srokovskiy, Alexander"]
[Black "Neumair, Jerome"]
[Result "0-1"]
[Termination "normal"]
[Board "2.6"]
[WhiteElo "1779"]
[BlackElo "1909"]
[WhiteTeam "Baden"]
[BlackTeam "Nordrhein-Westfalen"]
[PlyCount "112"]
[WhiteFideId "24676330"]
[BlackFideId "24672637"]
[EventCountry "GER"]
[EventRounds "7"]
[EventType "team-swiss"]
[EventDate "2007.09.28"]

1. e4 e6 2. d4 d5 3. Nc3 Nf6 4. Bg5 dxe4 5. Nxe4 Nbd7 6. Nf3 Be7 7. Bxf6 Nxf6
8. Nxf6+ Bxf6 9. c3 O-O 10. Bd3 Qd5 11. O-O Rd8 12. Qc2 g6 13. Rfe1 Rb8 14. Ne5
Bd7 15. Rad1 a6 16. Qe2 Bxe5 17. dxe5 Bc6 18. f3 Qxa2 19. Rd2 Qa5 20. Qe3 Bb5
21. Bxb5 Qxb5 22. Red1 Rxd2 23. Rxd2 Qc6 24. Qg5 Qc5+ 25. Kf1 Qb5+ 26. Ke1 Qe8
27. Rd4 c5 28. Rd3 b5 29. Rd6 a5 30. h4 b4 31. c4 a4 32. Qe3 Qc8 33. h5 Ra8 34.
Rd3 Qc7 35. h6 Qe7 36. Rd6 a3 37. bxa3 bxa3 38. Rd1 a2 39. Ra1 Qh4+ 40. Qf2
Qxc4 41. Qb2 Qb4+ 42. Qxb4 cxb4 43. Kd1 b3 44. Kc1 Rb8 45. Kb2 Kf8 46. f4 f6
47. g4 fxe5 48. fxe5 g5 49. Rc1 Kf7 50. Rf1+ Ke7 51. Rd1 Rb5 52. Re1 Kd7 53.
Ka1 Kc6 54. Kb2 Kd5 55. Ka1 b2+ 56. Kxa2 b1=Q+ 0-1

[Event "DLM 2007"]
[Site "Verden/Aller GER"]
[Date "2007.09.29"]
[Round "2"]
[White "Strößner, Lena"]
[Black "Kühnel, Lena"]
[Result "1-0"]
[Termination "normal"]
[Board "2.7"]
[WhiteElo "1744"]
[BlackElo "1639"]
[WhiteTeam "Nordrhein-Westfalen"]
[BlackTeam "Baden"]
[PlyCount "83"]
[WhiteFideId "4623525"]
[BlackFideId "24640956"]
[EventCountry "GER"]
[EventRounds "7"]
[EventType "team-swiss"]
[EventDate "2007.09.28"]

1. Nf3 Nf6 2. c4 e6 3. d4 c5 4. Nc3 d5 5. dxc5 Bxc5 6. cxd5 exd5 7. e3 O-O 8.
Be2 b6 9. O-O Bb7 10. a3 Nbd7 11. b4 Be7 12. Bb2 Rc8 13. Qb3 Re8 14. Rfd1 Nf8
15. Bf1 Qc7 16. Rac1 Qb8 17. Nb5 Ne6 18. Nbd4 h6 19. Nf5 a5 20. Bb5 Kf8 21.
Bxe8 Rxe8 22. Nxe7 Rxe7 23. Bxf6 gxf6 24. Qb2 Kg7 25. Nd4 Nxd4 26. Qxd4 axb4
27. Qxb4 Qe5 28. Qxb6 Qe4 29. Rd4 Qe5 30. Rb1 Qf5 31. Rb2 Qc8 32. Rb1 Qf5 33.
Rc1 Qe5 34. a4 f5 35. a5 Ba8 36. a6 f4 37. Rxf4 f6 38. Rd4 Kg6 39. h3 Qf5 40.
Qd8 Ra7 41. Qg8+ Kh5 42. g4+ 1-0

[Event "DLM 2007"]
[Site "Verden/Aller GER"]
[Date "2007.09.29"]
[Round "2"]
[White "Schmitt, Katrin"]
[Black "Rozenfeld, Elisabeth"]
[Result "1-0"]
[Termination "normal"]
[Board "2.8"]
[WhiteElo "1430"]
[BlackElo "1491"]
[WhiteTeam "Baden"]
[BlackTeam "Nordrhein-Westfalen"]
[PlyCount "113"]
[WhiteFideId "24654400"]
[BlackFideId "4624742"]
[EventCountry "GER"]
[EventRounds "7"]
[EventType "team-swiss"]
[EventDate "2007.09.28"]

1. e4 e5 2. Nf3 Nf6 3. Nxe5 d6 4. Nf3 Nxe4 5. Qe2 Qe7 6. d3 Nf6 7. Bg5 Nbd7 8.
Nc3 c6 9. Ne4 d5 10. Nxf6+ Nxf6 11. Bxf6 gxf6 12. O-O-O Bg4 13. h3 Bxf3 14.
Qxf3 O-O-O 15. d4 Bh6+ 16. Kb1 Kb8 17. Bd3 Rd6 18. Rhe1 Re6 19. Re2 Rxe2 20.
Qxe2 Qxe2 21. Bxe2 Re8 22. Bd3 Rg8 23. g3 Rg7 24. Re1 Bd2 25. Re2 Bb4 26. c3
Bd6 27. Re8+ Kc7 28. Rh8 Kd7 29. Rxh7 Rxh7 30. Bxh7 Ke6 31. Bd3 f5 32. Kc2 Kf6
33. Kd2 f4 34. g4 Kg5 35. Bf1 c5 36. Bg2 Kh4 37. Kd3 b6 38. Bxd5 Kxh3 39. f3
cxd4 40. cxd4 Kg2 41. Ke4 f6 42. Kf5 Kf2 43. Kxf6 Ke3 44. Ke6 Bf8 45. g5 Kxd4
46. g6 Bg7 47. Kf7 Be5 48. Be4 Ke3 49. g7 Bxg7 50. Kxg7 a5 51. Kf6 b5 52. Ke5
b4 53. Kd5 Kd2 54. Kc4 Kc1 55. Kb5 Kxb2 56. Kxa5 b3 57. axb3 1-0

[Event "DLM 2007"]
[Site "Verden/Aller GER"]
[Date "2007.09.29"]
[Round "2"]
[White "Kesten, Sebastian"]
[Black "Nüsken, Nikolas"]
[Result "0-1"]
[Termination "normal"]
[Board "3.1"]
[WhiteElo "2054"]
[BlackElo "2350"]
[WhiteTeam "Mecklenburg-Vorpommern"]
[BlackTeam "Niedersachsen I"]
[PlyCount "42"]
[WhiteFideId "24616214"]
[BlackFideId "24605891"]
[EventCountry "GER"]
[EventRounds "7"]
[EventType "team-swiss"]
[EventDate "2007.09.28"]

1. d4 Nf6 2. c4 e6 3. Nf3 c5 4. d5 d6 5. Nc3 exd5 6. cxd5 g6 7. Nd2 Bg7 8. Nc4
O-O 9. Bf4 b6 10. Bxd6 Re8 11. e3 Ne4 12. Nxe4 Rxe4 13. Bg3 b5 14. Nd6 Rb4 15.
Bxb5 Bf8 16. Bc6 Ba6 17. Bxa8 Rxb2 18. Qa4 Qf6 19. Rc1 Bxd6 20. Rc2 Rb1+ 21.
Kd2 Rxh1 0-1

[Event "DLM 2007"]
[Site "Verden/Aller GER"]
[Date "2007.09.29"]
[Round "2"]
[White "Stemmler, Lysan"]
[Black "Kaphle, Stephan"]
[Result "0-1"]
[Termination "normal"]
[Board "3.3"]
[WhiteElo "1832"]
[BlackElo "2156"]
[WhiteTeam "Mecklenburg-Vorpommern"]
[BlackTeam "Niedersachsen I"]
[PlyCount "58"]
[WhiteFideId "24622451"]
[BlackFideId "24629103"]
[EventCountry "GER"]
[EventRounds "7"]
[EventType "team-swiss"]
[EventDate "2007.09.28"]

1. e4 c5 2. c3 Nf6 3. e5 Nd5 4. d4 cxd4 5. Nf3 e6 6. cxd4 d6 7. Bc4 Nb6 8. Bb3
dxe5 9. Nxe5 Nc6 10. Nxc6 bxc6 11. O-O Be7 12. Nc3 O-O 13. Be3 Nd5 14. Rc1 Ba6
15. Nxd5 cxd5 16. Re1 Qb6 17. Qh5 Rfc8 18. f4 Bf6 19. Rxc8+ Rxc8 20. Rd1 Bc4
21. Bxc4 Rxc4 22. b3 Rc2 23. f5 e5 24. Qg4 e4 25. h4 h6 26. Kh1 Kh7 27. Qh5 Qc7
28. Rf1 Qg3 29. Rg1 Qxe3 0-1

[Event "DLM 2007"]
[Site "Verden/Aller GER"]
[Date "2007.09.29"]
[Round "2"]
[White "Seemann, Semjon"]
[Black "Hingst, Silke"]
[Result "1-0"]
[Termination "normal"]
[Board "3.4"]
[WhiteElo "2010"]
[BlackElo "1552"]
[WhiteTeam "Niedersachsen I"]
[BlackTeam "Mecklenburg-Vorpommern"]
[PlyCount "69"]
[WhiteFideId "24624080"]
[BlackFideId "4624564"]
[EventCountry "GER"]
[EventRounds "7"]
[EventType "team-swiss"]
[EventDate "2007.09.28"]

1. e4 e5 2. Nf3 Nc6 3. Bb5 a6 4. Ba4 Nf6 5. d3 b5 6. Bb3 d6 7. Ng5 Bg4 8. Bxf7+
Ke7 9. f3 Bd7 10. Bb3 Be8 11. Nc3 Nd4 12. Nd5+ Nxd5 13. Bxd5 c6 14. c3 cxd5 15.
cxd4 dxe4 16. fxe4 Qb6 17. Qb3 h6 18. Nf3 Bf7 19. d5 g5 20. d4 exd4 21. O-O Bg7
22. Bd2 Bg6 23. Rae1 Be5 24. Bb4 Kd7 25. Nxe5+ dxe5 26. Qh3+ Kd8 27. Rc1 Be8
28. Qf5 Bg6 29. Ba5 Qxa5 30. Qf6+ Kd7 31. Qe6+ Kd8 32. Qd6+ Ke8 33. Qxg6+ Kd8
34. Qd6+ Ke8 35. Qxe5+ 1-0

[Event "DLM 2007"]
[Site "Verden/Aller GER"]
[Date "2007.09.29"]
[Round "2"]
[White "Stövesand, Eric"]
[Black "Kaphle, Sebastian"]
[Result "0-1"]
[Termination "normal"]
[Board "3.5"]
[WhiteElo "1411"]
[BlackElo "2041"]
[WhiteTeam "Mecklenburg-Vorpommern"]
[BlackTeam "Niedersachsen I"]
[PlyCount "76"]
[WhiteFideId "24651117"]
[BlackFideId "24626708"]
[EventCountry "GER"]
[EventRounds "7"]
[EventType "team-swiss"]
[EventDate "2007.09.28"]

1. e4 c5 2. Nf3 e6 3. d4 cxd4 4. Nxd4 Nf6 5. Nc3 Nc6 6. Ndb5 Bb4 7. a3 Bxc3+ 8.
Nxc3 d5 9. exd5 exd5 10. Bd3 O-O 11. O-O d4 12. Ne2 Bg4 13. Bf4 Qb6 14. b4 Rfe8
15. Kh1 Nd5 16. f3 Bh5 17. Qd2 Bg6 18. Bxg6 Rxe2 19. Qxe2 Nxf4 20. Bxf7+ Kxf7
21. Qe4 Ng6 22. Qd5+ Kf8 23. Rfe1 Nce7 24. Qb3 Rc8 25. Rad1 Rc3 26. Qb2 Re3 27.
Rxe3 dxe3 28. Re1 Nd5 29. Qb3 Qd4 30. Qd3 Qxd3 31. cxd3 Ngf4 32. d4 Nd3 33. Re2
Nf2+ 34. Kg1 Nd1 35. Re1 N5c3 36. Rxd1 Nxd1 37. Kf1 Nc3 38. g4 Ke7 0-1

[Event "DLM 2007"]
[Site "Verden/Aller GER"]
[Date "2007.09.29"]
[Round "2"]
[White "Günnigmann, Laura"]
[Black "Wolf, Christoph"]
[Result "1-0"]
[Termination "normal"]
[Board "3.6"]
[WhiteElo "1735"]
[BlackElo "1451"]
[WhiteTeam "Niedersachsen I"]
[BlackTeam "Mecklenburg-Vorpommern"]
[PlyCount "43"]
[BlackFideId "24650633"]
[EventCountry "GER"]
[EventRounds "7"]
[EventType "team-swiss"]
[EventDate "2007.09.28"]

1. e4 e5 2. Nf3 Nc6 3. Bb5 a6 4. Ba4 d6 5. O-O Bg4 6. c3 Be7 7. d4 exd4 8. cxd4
b5 9. Bb3 Nf6 10. Be3 O-O 11. Nbd2 Na5 12. Bc2 d5 13. e5 Nd7 14. Re1 f6 15. Qb1
h5 16. Bh7+ Kh8 17. Nh4 f5 18. Nxf5 Bxf5 19. Bxf5 Nc4 20. Nxc4 bxc4 21. Bg6 h4
22. Qd1 1-0

[Event "DLM 2007"]
[Site "Verden/Aller GER"]
[Date "2007.09.29"]
[Round "2"]
[White "Baier, Christoph"]
[Black "Düssler, Stefanie"]
[Result "1/2-1/2"]
[Termination "normal"]
[Board "3.7"]
[WhiteElo "1479"]
[BlackElo "1493"]
[WhiteTeam "Mecklenburg-Vorpommern"]
[BlackTeam "Niedersachsen I"]
[PlyCount "58"]
[WhiteFideId "24655759"]
[BlackFideId "4634780"]
[EventCountry "GER"]
[EventRounds "7"]
[EventType "team-swiss"]
[EventDate "2007.09.28"]

1. d4 Nf6 2. c4 e6 3. Nc3 b6 4. Nf3 Bb7 5. e3 Be7 6. Bd3 O-O 7. O-O c5 8. Qe2
Nc6 9. a3 Qc7 10. b3 a6 11. Bb2 Na5 12. Bc2 Ng4 13. g3 f5 14. Nd2 Bf6 15. dxc5
bxc5 16. Nd1 Rab8 17. Bxf6 Rxf6 18. f3 Ne5 19. Nc3 Rh6 20. e4 fxe4 21. Ncxe4 d5
22. Nf2 Rf8 23. f4 Nec6 24. Ng4 Rh3 25. Kg2 Nd4 26. Qd1 Nxc2 27. Qxc2 Rh5 28.
Kg1 Nc6 29. Nf3 Ne7 1/2-1/2